Missing Word: 'H' Music Artists Quiz Stats

Quiz Updated Sep 20, 2016

Challenge
Share
Tweet
Embed
Score 0/20 Timer 03:00
0 Plays Today
Hint Answer % Correct
Buddy HollyDay
92.1%
Whitney HoustonDance
84%
Jimi HendrixHaze
83.5%
Buddy HollyPeggy
79.6%
Whitney HoustonGreatest
78.5%
Whitney HoustonWill
78.3%
HeartYou
77.3%
Whitney HoustonSaving
73.9%
HeartWanna
72.3%
Buddy HollyOh
69.6%
Hint Answer % Correct
HeartDreams
47.4%
Jimi HendrixWind
47.3%
Buddy HollyOn
46.6%
Jimi HendrixFoxy
43.7%
HeartMagic
41%
Buddy HollyThink
36.6%
Jimi HendrixMidnight
28.1%
Whitney HoustonNothing
23.7%
HeartEven
7.2%
Jimi HendrixRainy
7.1%

Today's Daily Dose

Missing Word
1974 Movies A-Z

Word Ladder
The White Album

Quick Pick
Gods of War

On This Day
February 22nd II

You're not logged in!

Compare scores with friends on all Sporcle quizzes.
Sign Up with Email
OR
Log In

You Might Also Like...

Show Comments

Extras

Top Quizzes Today


Score Distribution

Your Account Isn't Verified!

In order to create a playlist on Sporcle, you need to verify the email address you used during registration. Go to your Sporcle Settings to finish the process.